000 00674nam a2200241Ia 4500
003 OSt
005 20220918193346.0
006 a|||||r|||| 00| 0
007 ta
008 220917b |||||||| |||| 00| 0 eng d
024 _a72,746
037 _cTextual
040 _aARTS
_cARTS
_beng
041 _2eng
_aeng
082 _aR40j3M3, M3
100 _aValone James J
_981539
245 0 _aEthics and existentialism of Kierkegaard
_b outline for a philosophy of life
260 _aLanham
_bUnvi Press Of America
_c1983
300 _axvi,293p.
_ccm.
650 _aETHICS
942 _hR40j3M3, M3
_cTEXL
_2CC
999 _c198699
_d198699